Estudio del sistema de enfriamiento de los fermentadores, de la empresa Productos Alimenticios Nacionales S.A. (PANASA)

保存先:
書誌詳細
第一著者: Cordero Castro, Carlos Roberto
その他の著者: Zamora Sauma, Luis Alberto
フォーマット: 図書
出版事項: 1996
主題:
タグ: タグ追加
タグなし, このレコードへの初めてのタグを付けませんか!

MARC

LEADER 00000nam a2200000Ia 4500
003 008141
005 20221231144233.0
008 140114s1996 cr a m 000 ||s d
040 |c cru CEDI 
090 |a TFG 3601 
100 |a Cordero Castro, Carlos Roberto  |9 9593 
245 |a Estudio del sistema de enfriamiento de los fermentadores, de la empresa Productos Alimenticios Nacionales S.A. (PANASA) 
260 |c 1996 
300 |a xvi, [204] hojas : ilustraciones  
500 |a  Proyecto de graduación (licenciatura en ingeniería mecánica)--Universidad de Costa Rica. Facultad de Ingeniería. Escuela de Ingeniería Mecánica 
650 |x TORRES DE ENFRIAMIENTO   |x TRANSMISION DEL CALOR   |x INTERCAMBIADORES DE CALOR  |9 9595 
700 |9 9594  |a Zamora Sauma, Luis Alberto 
942 |c TFG 
999 |c 18883  |d 18883